000 00457nam a22001457a 4500
008 141210b xxu||||| |||| 00| 0 eng d
020 _a9781841016856
050 _aBS2650.3.W261
100 _aWansbrough, Henry
_913275
245 _a40 days with Paul
_cHenry Wansbrough
260 _aUnited Kingdom
_bDarton, Longman and Todd
_c2009
300 _a143p. ;
_c18cm.
650 _aBible. N.T. Epistles of Paul
_xcommentaries
_913276
942 _2lcc
_cMONOGRAPH
_01
999 _c121453
_d121453